| 000 | 00655pam a2200169 4500 | ||
|---|---|---|---|
| 001 | 6088 | ||
| 005 | 20181127180842.0 | ||
| 008 | 861024r19871972enkaf 001 0 eng | ||
| 020 | _a9789993676232 | ||
| 110 |
_aMinistry of Health. _b _c _d _e _n _p |
||
| 245 | 1 | 2 |
_aMonograph on medicinal plants of Bhutan : _bvolume I _c |
| 260 |
_aThimphu : _bPharmaceutical and Research Unit, Institute of Traditional Medicine Services, Ministry of Health. _c2009. |
||
| 300 |
_a80 p. : _bcol. ill ; _c19 cm. |
||
| 504 | _aIncludes bibliographical references and index. | ||
| 650 |
_aMedicinal plants -- Bhutan. _v _x _y _z _2 |
||
| 650 | 0 |
_aMedicinal plants _zBhutan _vIdentification. |
|
| 999 |
_c5139 _d5139 |
||